000 00414nam a2200181Ia 4500
001 10454
005 20260306161833.0
008 260306t1975||||xx |||||||||||||| ||spa||
041 _aESP
082 _a929.746
_bL21
100 _aLama, César de la
_eAUT
245 0 _aJuan Carlos I rey
260 _c1975
300 _a303 páginas :
_c21cm.
650 _aGEN
654 _aCHU
942 _cLIB
_dJUS
_fJUS
_2ddc
_n
999 _c10454
_d10454